000 00842nam a22002177a 4500
005 20240530110902.0
008 220214s20022007ua g 000 0 ara d
017 _bمصر. دار الكتب
020 _a9789953821306
040 _aEG-CaGPL
_cEG-CaGPL
082 0 4 _221
_a321.80956/
_bا ب
100 1 _aالعربى صديقى
245 1 2 _aالبحث عن ديمقراطية عربية :
_bالخطاب والخطاب المقابل /
_cالعربى صديقى ؛ ترجمة محمد الخولى ، عمر الايوبى
250 _aط. 1
260 _aبيروت :
_bمركز دراسات الوحدة العربية،
_c2007
300 _a504 ص. ؛
_c24سم
650 0 7 _2qrmak
_aالديمقراطية
651 _2qrmak
_aالدول العربية
942 _2ddc
_cBK
999 _c66148
_d66148